[Event "Novosibirsk"]
[Site "Novosibirsk"]
[Date "2004.08.??"]
[Round "11"]
[White "Kravtsova, Anastasia"]
[Black "Uskova, Tatyana"]
[Result "0-1"]
[WhiteElo "2050"]
[BlackElo "2134"]
[PlyCount "114"]
[EventDate "2004.08.??"]
[EventType "tourn"]
[EventRounds "11"]
[EventCountry "RUS"]
[SourceTitle "EXT 2006"]
[Source "ChessBase"]
[SourceDate "2005.11.24"]
[SourceVersion "1"]
[SourceVersionDate "2005.11.24"]
[SourceQuality "1"]

1. d4 c5 2. e3 Nf6 3. f4 d6 4. Nf3 g6 5. Be2 Bg7 6. dxc5 Qa5+ 7. Bd2 Qxc5 8. Nc3 0-0 9. Nd4 Qb6 10. Na4 Qd8 11. Nc3 Nc6 12. Bf3 Nxd4 13. exd4 d5 14. Be3 Bf5 15. g4 Be4 16. Bxe4 Nxe4 17. Nxe4 dxe4 18. c3 Qd5 19. Qb3 Rfd8 20. Qxd5 Rxd5 21. 0-0 f5 22. g5 b5 23. a3 Rad8 24. Rf2 Kf7 25. Kg2 a6 26. h4 a5 27. Rff1 b4 28. axb4 axb4 29. Ra7 bxc3 30. bxc3 Rc8 31. Ra3 Rb5 32. Rf2 Rb7 33. Rc2 Rbc7 34. Kf2 Rc4 35. Ke2 Bxd4 36. Bxd4 Rxd4 37. Rd2 Rxd2+ 38. Kxd2 Rd8+ 39. Kc2 Rd3 40. Ra7 Rf3 41. c4 Rxf4 42. c5 Rf2+ 43. Kd1 Rb2 44. Ra8 Rb5 45. Rh8 Kg7 46. Rc8 h6 47. Rc7 hxg5 48. hxg5 Kf7 49. c6 Rc5 50. Rc8 f4 51. c7 e3 52. Ke2 Rc2+ 53. Ke1 f3 54. Rd8 Rxc7 55. Rd3 f2+ 56. Ke2 Rc2+ 57. Kd1 f1Q+ 0-1

[Event "Novosibirsk"]
[Site "Novosibirsk"]
[Date "2004.08.??"]
[Round "9"]
[White "Timofeeva, Ekaterina"]
[Black "Uskova, Tatyana"]
[Result "0-1"]
[WhiteElo "2129"]
[BlackElo "2134"]
[PlyCount "118"]
[EventDate "2004.08.??"]
[EventType "tourn"]
[EventRounds "11"]
[EventCountry "RUS"]
[SourceTitle "EXT 2006"]
[Source "ChessBase"]
[SourceDate "2005.11.24"]
[SourceVersion "1"]
[SourceVersionDate "2005.11.24"]
[SourceQuality "1"]

1. e4 e5 2. Nf3 Nf6 3. Nc3 Nc6 4. d4 exd4 5. Nxd4 Bb4 6. Nxc6 bxc6 7. Bd3 d5 8. exd5 cxd5 9. 0-0 0-0 10. Bg5 c6 11. Qf3 Bd6 12. Bxf6 Qxf6 13. Qxf6 gxf6 14. Ne2 Be5 15. c3 Rb8 16. f4 Bd6 17. b3 Re8 18. Rf3 Kh8 19. h3 Bd7 20. Ng3 Bc5+ 21. Kh2 Re3 22. Raf1 Rxf3 23. Rxf3 Re8 24. Nh5 Be7 25. Re3 c5 26. g4 Be6 27. c4 d4 28. Re2 Kg8 29. Kg3 h6 30. Kf3 Kf8 31. Ng3 Rd8 32. Nh5 a5 33. Be4 a4 34. Bc6 axb3 35. axb3 Rb8 36. Bb5 Ra8 37. Ke4 Ra3 38. Rb2 Ra1 39. Kf3 Bc8 40. Bc6 Be6 41. Re2 Rb1 42. Ba4 Ra1 43. Bb5 Rb1 44. Ba4 f5 45. Ng3 fxg4+ 46. hxg4 Bc8 47. g5 hxg5 48. fxg5 Bb7+ 49. Kg4 Rg1 50. Kh4 Bxg5+ 51. Kxg5 Rxg3+ 52. Kh4 Re3 53. Rd2 d3 54. Bd7 Be4 55. Bg4 f5 56. Rf2 Ke7 57. Bxf5 Bxf5 58. Rxf5 d2 59. Rd5 Re4+ 0-1

[Event "Novosibirsk"]
[Site "Novosibirsk"]
[Date "2004.08.??"]
[Round "3"]
[White "Uskova, Tatyana"]
[Black "Alimgozhina, Elmira"]
[Result "1/2-1/2"]
[WhiteElo "2134"]
[BlackElo "2106"]
[PlyCount "45"]
[EventDate "2004.08.??"]
[EventType "tourn"]
[EventRounds "11"]
[EventCountry "RUS"]
[SourceTitle "EXT 2006"]
[Source "ChessBase"]
[SourceDate "2005.11.24"]
[SourceVersion "1"]
[SourceVersionDate "2005.11.24"]
[SourceQuality "1"]

1. e4 c5 2. c3 d5 3. exd5 Qxd5 4. d4 Nf6 5. Nf3 Bg4 6. Be2 e6 7. 0-0 Nc6 8. h3 Bh5 9. Be3 cxd4 10. cxd4 Be7 11. Nc3 Qd6 12. a3 0-0 13. Qb3 a6 14. Rfd1 Rfd8 15. Rac1 b5 16. Qa2 Rac8 17. b4 h6 18. Qd2 Qb8 19. Qa2 Qd6 20. g4 Bg6 21. Ne1 Ne4 22. Nxe4 Bxe4 23. Nd3 1/2-1/2